Länder des Visa-Waiver-Programms - Statistiken

Allgemein
  • Dieses Quiz wurde 34 mal gespielt
  • Das Durchschnittsergebnis liegt bei 34 aus 40
Antwortstatistiken
Nation % Korrekt
Finnland
100%
Norwegen
100%
Schweden
100%
Dänemark
96%
Niederlande
96%
Spanien
96%
Vereinigtes Königreich
96%
Australien
93%
Belgien
93%
Deutschland
93%
Irland
93%
Kanada
93%
Polen
93%
Schweiz
93%
Frankreich
89%
Island
89%
Italien
89%
Japan
89%
Luxemburg
89%
Portugal
89%
Slowakei
89%
Slowenien
89%
Andorra
85%
Estland
85%
Griechenland
85%
Lettland
85%
Litauen
85%
Neuseeland
85%
Österreich
85%
San Marino
85%
Tschechien
85%
Ungarn
81%
Liechtenstein
78%
Monaco
74%
Südkorea
74%
Malta
59%
Singapur
59%
Chile
56%
Taiwan
48%
Brunei
19%
Keine übereinstimmenden Quizze gefunden
Verteilung der Resultate
Anzahl Personen mit jedem Resultat
Perzentil nach korrekt beantworteten Fragen
Ihre Resultats-Entwicklung
Sie haben dieses Quiz noch nicht gespielt